Kỹ thuật lập trình visual basic tự học trong 21 ngày /
Visual basic là ngôn ngữ lập trình tạo cho bạn đọc thoải mái, thích thú và không ít bất ngờ đồng thời giúp cho bạn đọc xây dựng các ứng dụng nhanh chóng hiệu quả.
Guardat en:
| Autor principal: | |
|---|---|
| Altres autors: | |
| Format: | Llibre |
| Idioma: | Vietnamese |
| Publicat: |
Hà Nội :
Giáo dục,
1994.
|
| Matèries: | |
| Etiquetes: |
Afegir etiqueta
Sense etiquetes, Sigues el primer a etiquetar aquest registre!
|
| Thư viện lưu trữ: | Mạng thư viện Đại học Đà Nẵng |
|---|
| LEADER | 01168cam a2200361 i 4500 | ||
|---|---|---|---|
| 001 | 000043629 | ||
| 003 | 1645 | ||
| 005 | 20030916102902.0 | ||
| 008 | 010217b1994 vm 000 vie | ||
| 022 | |a T | ||
| 040 | |a IRC |c IRC |d IRC | ||
| 041 | 1 | |a vie | |
| 082 | 1 | 4 | |a 005.13 |b GU-N |
| 100 | 1 | |a Gurewich, Nathan. | |
| 245 | 0 | 0 | |a Kỹ thuật lập trình visual basic tự học trong 21 ngày / |c Nathan Gurewich, On Gurewich. |
| 260 | |a Hà Nội : |b Giáo dục, |c 1994. | ||
| 300 | |a 628tr. ; |c 20,5cm. | ||
| 520 | 3 | |a Visual basic là ngôn ngữ lập trình tạo cho bạn đọc thoải mái, thích thú và không ít bất ngờ đồng thời giúp cho bạn đọc xây dựng các ứng dụng nhanh chóng hiệu quả. | |
| 630 | 0 | 4 | |a Tin học. |
| 630 | 0 | 4 | |a Visual basic. |
| 630 | 0 | 4 | |a Computer program language. |
| 650 | 0 | 4 | |a Visual Basic (Ngôn ngữ lập trình máy tính) |
| 700 | 1 | |a Gurewich, On. | |
| OWN | |a DUT | ||
| 999 | |a From the UDN01 | ||
| TYP | |a Monograph | ||
| TYP | |a Printed language | ||
| 980 | |a Mạng thư viện Đại học Đà Nẵng | ||